000 00813nam a2200277Ia 4500
001 Para_5365
003 CHAP
008 220125s1933 xx 000 0 und d
010 _a203881
040 _cCHAP
090 _aPA FOLLETO 2706
100 _aScott, L. B.
_9103393
245 _aThe survival of european corn-borer larvae in barns and other storage places /
_c by L. B. Scott and L. H. Patch
260 _aWashington :
_b Department of Agriculture
300 _a7 p.
440 _aEUA. Dep. of Agri. Circular; 281
_9169843
650 _aPyrausta nubilalis
_993095
700 _aPatch, L. H.
_986146
901 _aPA FOLLETO 2706
902 _aA
905 _a0000001933 WAS 0000000000 00
910 _a1933
942 _cPARA
942 _cPARA
_d1
999 _c203881
_d203881